Film vincitori di un Oscar come miglior film - Statistics

Statistiche generali
  • Questo quiz è stato fatto 50 volte
  • Il punteggio medio è 4 su 10
Answers on the Grid
Answers color-coded by a green-red scale on the quiz's grid according to % correct below.
Oppenheimer
Psycho
Taxy Driver
Green Book
Le ali della libertà
CODA
Pulp Fiction
Il Cavaliere Oscuro
Spotlight
Quarto Potere
Anora
Singin' in the Rain
Apocalypse Now
Moonlight
Alien
Star Wars
Seven
The Shape of Water
The Truman Show
Dr. Strangelove
Dunkirk
Frankenstein
Joker
Parasite
E.T.
Scarface
Nomadland
Everything Everywhere All at Once
 
Statistiche sulle risposte
Risposta % Corretto
Oppenheimer
69%
Parasite
62%
Green Book
52%
Moonlight
45%
Anora
41%
Everything Everywhere All at Once
41%
Nomadland
41%
CODA
31%
The Shape of Water
28%
Spotlight
24%
Nessun quiz corrispondente trovato
Distribuzione punteggi
Percentuale di utenti per punteggio
Percentile per numero di risposta
I tuoi punteggi nel tempo
Non hai fatto questo quiz